000 01074nam a2200241 a 4500
001 BRCA_62
005 20190320202852.0
008 890105s1987 mx-a---##b---f000-0#spa-#
020 _a9682915236
040 _aDLC
_cDLC
_dDLC
050 4 _aN6555
_b.A78 3
_c1987
245 1 0 _aEl público como propuesta
_bcuatro estudios sociológicos en museos de arte
_cEsther Cimet ... [et al.] ; con la colaboración de Eulalia Nieto, Juan Luis Sariego.
260 _aMéxico
_bINBA : Centro Nacional de Investigación, Documentación e Información de Artes Plásticas (CENIDIAP) : Dirección de Investigación y Documentación de las Artes
_c1987
300 _a248 p.
_bil.
_c21 cm.
440 0 _aColección Artes plásticas.
_pSerie Investigación y documentación de las artes
_v3
_9288
504 _aBibliografía: p. 245-248
650 1 4 _aArtes visuales
_ySiglo XX y XXI
_9289
650 1 4 _aMuseos de arte
_xAspectos sociales
_9290
650 1 4 _aArte y sociedad
_vDiscursos, ensayos, conferencias
_9291
653 0 _aEstudios de público
700 1 _aCimet, Esther
_9292
942 _2lcc
_cB
999 _c62
_d62